The constitution of Jammu and Kashmir : (Record no. 93032)

MARC details
000 -LEADER
fixed length control field 00664nam a22001937a 4500
005 - DATE AND TIME OF LATEST TRANSACTION
control field 20150608143819.0
010 ## - LCCN (DPL NO)
LC control number ENG-112832
020 ## - INTERNATIONAL STANDARD BOOK NUMBER
Terms of availability 950.00
International Standard Book Number 9789350351000
035 ## - SYSTEM CONTROL NUMBER
System control number EN-96364
037 ## - SOURCE OF ACQUISITION
Source of stock number/acquisition DBAD/PUB
082 ## - DEWEY DECIMAL CLASSIFICATION NUMBER
Classification number 342.5411
100 ## - MAIN ENTRY--PERSONAL NAME
Personal name Sharma, S.K.
245 ## - TITLE STATEMENT
Title The constitution of Jammu and Kashmir :
Statement of responsibility, etc by S.K. Sharma
Remainder of title a perspective with reference to the constitution of India /
260 ## - PUBLICATION, DISTRIBUTION, ETC. (IMPRINT)
Place of publication, distribution, etc Delhi
Name of publisher, distributor, etc Universal Law Publishing
Date of publication, distribution, etc 2011
270 ## - ADDRESS
Address C-FF-1A, Dilkhush Industrial Estate, G.T. Karnal Road,
City Delhi
Postal code 110033
300 ## - PHYSICAL DESCRIPTION
Extent lii,577p.
Dimensions 25cm(Hb)
500 ## - GENERAL NOTE
General note Includes index
942 ## - ADDED ENTRY ELEMENTS (KOHA)
Source of classification or shelving scheme Dewey Decimal Classification
Item type English Books
Call number suffix SHA
Classification part 3425411
Holdings
Withdrawn status Lost status Not for loan Collection code Home library Current library Date acquired Source of acquisition Cost, normal purchase price Full call number Barcode Copy number Cost, replacement price Koha item type
    Not For Loan Non-fiction D.B.Act.Division D.B.Act.Division 17/04/2015 DBAD/PUB 950.00 342.5411 SHA EN-96364 1 950.00 English Books

© Delhi Public Library
Hit Counter
free hit counter